000 00524nam a2200193 a 4500
001 1777364303187
003 YourLibrary
005 20260428135011.0
008 260428s1997##################000#0#eng##
020 _a9781858985282
082 0 4 _a382.104
_bFAG
100 1 _aFagerberg, Jan,
_eauthor.
245 1 0 _aTechnology and International Trade :
260 _bEdward Elgar Publishing,
_c1997.
300 _a264 pages
650 0 _aBusiness & Economics.
942 _cENGLISH
040 _aYourLibrary
_beng
_cYourLibrary
999 _c620210
_d620210